Ordenanza No. 02-2013, mediante la cual se extiende el período del proceso de reforma curricular articulado e integral, definido en la ordenanza No. 02-2011, en relación a los plazos otorgados para la culminación del proceso de revisión y de actualización curricular para finalizar en diciembre del 2014 (Record no. 9572)

MARC details
000 -LEADER
campo de control de longitud fija 00648nam a2200133Ia 4500
001 - NÚMERO DE CONTROL
campo de control 4403
008 - DATOS DE LONGITUD FIJA--INFORMACIÓN GENERAL
campo de control de longitud fija 241024s9999 xx 000 0 und d
082 ## - NÚMERO DE LA CLASIFICACIÓN DECIMAL DEWEY
Número de clasificación RD/344.07/R426o/02-2013
100 ## - ENTRADA PRINCIPAL--NOMBRE DE PERSONA
Nombre de persona República Dominicana. Ministerio de Educación
245 #0 - MENCIÓN DEL TÍTULO
Título Ordenanza No. 02-2013, mediante la cual se extiende el período del proceso de reforma curricular articulado e integral, definido en la ordenanza No. 02-2011, en relación a los plazos otorgados para la culminación del proceso de revisión y de actualización curricular para finalizar en diciembre del 2014
260 ## - PUBLICACIÓN, DISTRIBUCIÓN, ETC.
Nombre del editor, distribuidor, etc. Santo Domingo
Fecha de publicación, distribución, etc. 2013
901 ## - ELEMENTOS DE DATOS A LOCAL LDA (RLIN)
a 7/9/2016 11:24:23 a.m.

No items available.

© 2024. Todos los Derechos Reservados. Desarrollado por IDEICE